Score 0/17 Timer 06:00
0 Plays Today
% Correct
Snowball
96.6%
Boxer
94.9%
Napoleon
91.5%
Mr. Jones
83.1%
Squealer
83.1%
Clover
81.4%
Moses
78%
Benjamin
78%
Old Major
76.3%
% Correct
Muriel
76.3%
Mollie
72.9%
Jessie
67.8%
Bluebell
64.4%
Mr. Pilkington
61%
Mr. Frederick
61%
Mr. Whymper
59.3%
The Cat
35.6%

You're not logged in!

Compare scores with friends on all Sporcle quizzes.
OR
Log In

Sporcle TV

Today on Sporcle TV


Watch our educational content, quiz creation guides, and fun videos on Sporcle TV.

Show Comments

Extras

Created Jan 8, 2013ReportNominate
Tags:Animal Farm

Top Quizzes Today


Score Distribution

Paid Content

Your Account Isn't Verified!

In order to create a playlist on Sporcle, you need to verify the email address you used during registration. Go to your Sporcle Settings to finish the process.

Report this User

Report this user for behavior that violates our Community Guidelines.

Details: